000 01592nam a2200433 i 4500
001 33894
003 KOSZ 005
005 20230207124105.0
008 981010s1998 pl f |000 0 pol d
020 _a839065914X
040 _c1998
041 0 _apol
080 _a628.1
080 _a628.35
080 _a579.68
080 _a006.83
245 0 0 _aWytyczne WHO dotyczące jakości wody do picia.
_nT. 1,
_pZalecenia / redakcja polskiego wydania Halina Kłoss-Trębaczkiewicz, Elżbieta Osuch-Pajdzińska, Marek Roman ;[tł. na jęz. pol. Maciej Chwaliński, Tomasz Chwaliński].
250 _aWyd. 2.
260 _aWarszawa :
_bPolskie Zrzeszenie Inżynierów i Techników Sanitarnych,
_c1998.
300 _a235 s. ;
_c24 cm.
380 _aKsiążki
388 _a1901-2000
388 _a1989-2000
504 _aBibliogr. s.181-186.
650 7 _aJakość wody
650 7 _aKontrola jakości
650 7 _aUzdatnianie wody
650 7 _aWody podziemne
655 7 _aWytyczne
658 _aInżynieria i technika
700 1 0 _aKłoss-Trębaczkiewicz, Halina
_eRedakcja
700 1 0 _aOsuch-Pajdzińska, Elżbieta
_eRedakcja
700 1 0 _aChwaliński, Maciej
_eTłumaczenie
700 1 0 _aChwaliński, Tomasz
_eTłumaczenie
710 _aPolskie Zrzeszenie Inżynierów i Techników Sanitarnych
700 1 0 _aRoman, Marek
_d(1931-2003)
_eRedakcja
856 _uhttp://koha.tu.koszalin.pl/cgi-bin/koha/opac-detail.pl?biblionumber=33894
_yKatalog online BPK
942 _cKS
_2UKD
999 _c33894
_d33894